[Event "Elit(Vasteras-LASK)"]
[Site "?"]
[Date "2008.03.08"]
[Round "10"]
[White "Smith, Axel"]
[Black "Norberg, Erik"]
[Result "1-0"]
[WhiteElo "2463"]
[BlackElo "2281"]
[PlyCount "131"]

1. e4 g6 2. d4 Bg7 3. Nc3 c6 4. f4 Qb6 5. Nf3 d5 6. e5 Bg4 7. Be2 Nh6 8. Na4
Qc7 9. Be3 Nf5 10. Bf2 h5 11. h3 Bxf3 12. Bxf3 h4 13. O-O e6 14. Bg4 Bf8 15. b3
Ba3 16. Rb1 Na6 17. c4 b5 18. Nc3 Qa5 19. Qd3 Nc7 20. c5 b4 21. Ne2 Kd7 22. Kh2
Rag8 23. Be1 Nb5 24. Bd2 Qd8 25. Rf2 a5 26. Rff1 Qe7 27. Rf2 Qd8 28. Rff1 Qe7
29. Kh1 Qd8 30. Kg1 Qb8 31. Rf2 Nc7 32. Be1 Qb5 33. Qd2 Ne8 34. Kh2 Neg7 35.
Rf1 Rb8 36. Bf2 Qa6 37. Ng1 Qc8 38. Nf3 Qd8 39. Ng5 Qe7 40. Qe2 Ra8 41. Nf3 Kc7
42. Kg1 Kd7 43. Qd2 Kc7 44. Ne1 Nh6 45. Be2 Nhf5 46. Bd3 Rh5 47. Be2 Rhh8 48.
Bd3 Rhg8 49. Nf3 Rh8 50. Ne1 Rhg8 51. Nf3 Rh8 52. Kh2 Kd7 53. Ne1 Rhg8 54. Nc2
Nh5 55. Nxa3 bxa3 56. b4 Nhg3 57. Rfe1 axb4 58. Rxb4 Ke8 59. Reb1 Kf8 60. Rb7
Qd8 61. R1b6 Qc8 62. Bxg3 Nxg3 63. Qd1 Nf5 64. Qg4 Qd8 65. Rxc6 Nh6 66. Qg5 1-0

[Event "Elit(Vasteras-LASK)"]
[Site "?"]
[Date "2008.03.08"]
[Round "10"]
[White "Norberg, Johan"]
[Black "Olsson, Linus"]
[Result "0-1"]
[WhiteElo "2379"]
[BlackElo "2465"]
[PlyCount "96"]

1. e4 c5 2. Nc3 e6 3. Nf3 Nc6 4. d4 cxd4 5. Nxd4 Qc7 6. Be2 a6 7. O-O Nf6 8.
Be3 d6 9. f4 Be7 10. Qe1 O-O 11. Rd1 Bd7 12. Bf3 Nxd4 13. Rxd4 Bc6 14. g4 Rfe8
15. g5 Nd7 16. Rd2 b5 17. Ne2 Qa5 18. a3 Rac8 19. Nd4 Ba8 20. Qh4 Qc7 21. f5 e5
22. Ne2 d5 23. exd5 Bc5 24. Qf2 e4 25. Bg2 Bd6 26. g6 Nf6 27. gxh7+ Kh8 28. Qh4
Bxh2+ 29. Kh1 Be5 30. Nc3 Rcd8 31. Nxe4 Nxe4 32. Qxe4 Bxb2 33. Qf3 Qc4 34. Bg5
f6 35. Bf4 Be5 36. Bxe5 Rxe5 37. Rfd1 Qh4+ 38. Kg1 Re1+ 39. Bf1 Re4 40. Re2 Rf4
41. Qh3 Rg4+ 42. Kh1 Rxd5 43. Rxd5 Bxd5+ 44. Kh2 Kxh7 45. Qxh4+ Rxh4+ 46. Kg3
Ra4 47. Re3 Kh6 48. Kf2 Rf4+ 0-1

[Event "Elit(Vasteras-LASK)"]
[Site "?"]
[Date "2008.03.08"]
[Round "10"]
[White "Semcesen, Daniel"]
[Black "Nilsson, Andre"]
[Result "1-0"]
[WhiteElo "2413"]
[BlackElo "2323"]
[PlyCount "91"]

1. d4 g6 2. c4 Bg7 3. e4 d6 4. Nc3 Nf6 5. Nf3 O-O 6. h3 c5 7. d5 Na6 8. Bd3 Nc7
9. O-O a6 10. a4 Rb8 11. a5 b5 12. axb6 Rxb6 13. Qe2 e5 14. dxe6 Nxe6 15. Be3
Nh5 16. Rab1 Nhf4 17. Qd2 Nxd3 18. Qxd3 Rb3 19. Qc2 Rb4 20. b3 Nd4 21. Bxd4
cxd4 22. Nd5 Rb8 23. Rfd1 Bb7 24. Nxd4 Bxd5 25. exd5 Bxd4 26. Rxd4 Qb6 27. Rd3
a5 28. Re1 Rfe8 29. Rde3 Rxe3 30. Rxe3 Qd4 31. Qa2 Qc5 32. Qa4 Qb4 33. Qd7 Kg7
34. Kh2 Rb7 35. Qg4 Qc5 36. Qd1 Rb8 37. Qa1+ Kg8 38. h4 h5 39. g3 Qb4 40. Qf6
Rf8 41. g4 hxg4 42. h5 gxh5 43. Qg5+ Kh7 44. Qxh5+ Kg7 45. Qxg4+ Kf6 46. Qf4+
1-0

[Event "Elit(Vasteras-LASK)"]
[Site "?"]
[Date "2008.03.08"]
[Round "10"]
[White "Wikstrom, Per"]
[Black "Bejtovic, Jasmin"]
[Result "1/2-1/2"]
[WhiteElo "2181"]
[BlackElo "2404"]
[PlyCount "55"]

1. d4 Nf6 2. Nf3 g6 3. Bf4 Bg7 4. e3 O-O 5. h3 d6 6. Be2 Nfd7 7. c3 Nc6 8. Nbd2
Qe8 9. Bh2 e5 10. dxe5 dxe5 11. O-O b6 12. Qc2 Bb7 13. a4 Qe7 14. Nc4 a5 15.
Bg3 Nc5 16. Na3 Rad8 17. Rfd1 Bc8 18. e4 Bb7 19. Bc4 Na7 20. Re1 Bc6 21. Nb5
Nxb5 22. axb5 Bd7 23. b4 axb4 24. cxb4 Ne6 25. Bxe6 Qxe6 26. Ra7 Bxb5 27. Rxc7
Rc8 28. Rc1 1/2-1/2

[Event "Elit(Vasteras-LASK)"]
[Site "?"]
[Date "2008.03.08"]
[Round "10"]
[White "Gajic, Mladen"]
[Black "Sandberg, Richard"]
[Result "1/2-1/2"]
[WhiteElo "2220"]
[BlackElo "2110"]
[PlyCount "152"]

1. e4 d6 2. d4 Nf6 3. Nc3 g6 4. f4 Bg7 5. Nf3 c5 6. Bb5+ Bd7 7. Bxd7+ Nfxd7 8.
d5 b5 9. Nxb5 Qa5+ 10. Nc3 Bxc3+ 11. bxc3 Qxc3+ 12. Bd2 Qc4 13. Qe2 Nb6 14. a4
a5 15. Qxc4 Nxc4 16. Ke2 Nd7 17. Kd3 Ndb6 18. Bc3 O-O 19. Nd2 Nxd2 20. Bxd2 f5
21. Rhb1 fxe4+ 22. Kxe4 Ra6 23. Rb5 Rfa8 24. g4 Kf7 25. h4 e6 26. dxe6+ Kxe6
27. f5+ gxf5+ 28. gxf5+ Kd7 29. Rg1 Re8+ 30. Kf3 Re7 31. Bxa5 Nc4 32. Rb7+ Ke8
33. Rg8+ Kf7 34. Rxe7+ Kxe7 35. Bd8+ Kf7 36. Rh8 Ne5+ 37. Kg3 Kg7 38. Re8 Rxa4
39. f6+ Kg6 40. Rg8+ Kf5 41. Rg7 Ra3+ 42. Kg2 Ra8 43. Be7 Ke6 44. Rxh7 Nf7 45.
h5 Ra2 46. h6 Rxc2+ 47. Kg3 Rc1 48. Kg2 Ra1 49. Bxd6 Nxd6 50. Rc7 c4 51. f7 Ra8
52. Kf3 Nxf7 53. h7 Rh8 54. Ke3 Nd6 55. Kf4 Kf6 56. Rc6 Ke6 57. Rc7 Nf7 58.
Rxc4 Rxh7 59. Re4+ Kd5 60. Re7 Kd6 61. Ra7 Ke6 62. Ra6+ Nd6 63. Ke3 Rh4 64. Kf3
Rd4 65. Ke3 Rb4 66. Kd3 Kd5 67. Ra5+ Nb5 68. Ke3 Ke5 69. Kd3 Rd4+ 70. Ke2 Rd5
71. Ke3 Rc5 72. Ra8 Nd4 73. Re8+ Ne6 74. Kd3 Rc7 75. Kd2 Kd5 76. Kd3 Ra7
1/2-1/2

[Event "Elit(Vasteras-LASK)"]
[Site "?"]
[Date "2008.03.08"]
[Round "10"]
[White "Adahl, Mattias"]
[Black "Dragicevic, Drazen"]
[Result "0-1"]
[WhiteElo "2165"]
[BlackElo "2348"]
[PlyCount "56"]
[EventDate "2008.??.??"]

1. e4 c5 2. b3 Nc6 3. Bb2 e5 4. Bc4 d6 5. Nc3 Nf6 6. Bb5 Be7 7. Bxc6+ bxc6 8.
Nf3 O-O 9. d3 Ne8 10. h3 f5 11. exf5 Bxf5 12. Qe2 Nc7 13. O-O-O Nb5 14. a4 Nd4
15. Nxd4 cxd4 16. Ne4 Qc7 17. Nd2 d5 18. Rde1 Bd6 19. g4 Bd7 20. Nf1 c5 21. Ng3
c4 22. dxc4 dxc4 23. bxc4 Rab8 24. Qd3 Bxa4 25. Ne4 Qb6 26. Ba1 Qb1+ 27. Kd2
Bb4+ 28. c3 Qa2+ 0-1

[Event "Elit(Limhamn-Sollentuna)"]
[Site "?"]
[Date "2008.03.08"]
[Round "10"]
[White "Agrest, Evgenij"]
[Black "Ahlander, Bjorn"]
[Result "1/2-1/2"]
[WhiteElo "2668"]
[BlackElo "2534"]
[PlyCount "127"]

1. c4 e6 2. Nc3 d5 3. d4 Nf6 4. cxd5 exd5 5. Bg5 c6 6. Qc2 Be7 7. e3 O-O 8. Bd3
Nbd7 9. Nf3 Re8 10. O-O Nf8 11. Rae1 Be6 12. Ne5 N6d7 13. Bxe7 Rxe7 14. f4 f6
15. Nf3 Qc7 16. f5 Bf7 17. g4 h6 18. Qf2 Rae8 19. Re2 a6 20. Rfe1 c5 21. Nh4
Qd6 22. Ng2 h5 23. Qf4 Qb6 24. gxh5 cxd4 25. Qxd4 Qd6 26. h6 gxh6 27. Kh1 Nh7
28. Rg1 Ne5 29. Ne1+ Kh8 30. Qh4 h5 31. Qf4 Rg8 32. Reg2 Rxg2 33. Rxg2 Re8 34.
Be2 Rg8 35. Rxg8+ Kxg8 36. Ng2 Qb6 37. b3 Qc5 38. Qd4 Qxd4 39. exd4 Nc6 40. Nf4
Nxd4 41. Bd3 Ng5 42. Ncxd5 Kg7 43. Ne3 Be8 44. Kg2 h4 45. Kf2 Bc6 46. Ng4 Ne4+
47. Bxe4 Bxe4 48. Nh5+ Kf7 49. Ngxf6 Bxf5 50. Ke3 Nc2+ 51. Kf4 Bg6 52. Kg5 Bxh5
53. Nxh5 Nb4 54. a3 Nc2 55. Kxh4 Nxa3 56. Nf4 Nc2 57. Ne2 a5 58. Kg5 b5 59. h4
a4 60. bxa4 bxa4 61. h5 a3 62. Nc3 Nb4 63. h6 a2 64. Nxa2 1/2-1/2

[Event "Elit(Limhamn-Sollentuna)"]
[Site "?"]
[Date "2008.03.08"]
[Round "10"]
[White "Brynell, Stellan"]
[Black "Berg, Emanuel"]
[Result "1/2-1/2"]
[WhiteElo "2602"]
[BlackElo "2649"]
[PlyCount "52"]

1. d4 d6 2. e4 g6 3. Nf3 Bg7 4. Bc4 c6 5. Nc3 Nf6 6. e5 dxe5 7. Nxe5 O-O 8. O-O
Nbd7 9. Bg5 Nb6 10. Bb3 Nfd5 11. Nxd5 Nxd5 12. Bh4 Bxe5 13. dxe5 Be6 14. Qd2
Qc7 15. Rfe1 Kg7 16. c4 Nb6 17. Qf4 h6 18. Re3 Kh7 19. Rae1 Rad8 20. Bg3 Rh8
21. h4 c5 22. h5 g5 23. Qf3 Rd4 24. Re4 Rhd8 25. Bc2 Kg8 26. b3 Rd2 1/2-1/2

[Event "Elit(Limhamn-Sollentuna)"]
[Site "?"]
[Date "2008.03.08"]
[Round "10"]
[White "Ivanov, Sergej"]
[Black "Jepson, Christian"]
[Result "1/2-1/2"]
[WhiteElo "2620"]
[BlackElo "2438"]
[PlyCount "70"]

1. d4 Nf6 2. Nf3 e6 3. c4 d5 4. Nc3 Be7 5. Bg5 O-O 6. e3 h6 7. Bh4 b6 8. Be2
Bb7 9. Bxf6 Bxf6 10. cxd5 exd5 11. b4 c6 12. O-O a5 13. b5 c5 14. Ne5 cxd4 15.
exd4 Bxe5 16. dxe5 d4 17. Na4 Qg5 18. Bg4 Qxe5 19. Nxb6 Ra7 20. Rb1 Qd6 21. Na4
Be4 22. Rc1 d3 23. Qd2 Qd4 24. Bd1 Nd7 25. Bb3 Ne5 26. Qc3 Rd7 27. Qxd4 Rxd4
28. f3 Bd5 29. Rc5 Bxb3 30. axb3 Nd7 31. Rc4 Rxc4 32. bxc4 Rc8 33. Rd1 Rxc4 34.
Rxd3 Rxa4 35. Rxd7 Rb4 1/2-1/2

[Event "Elit(Limhamn-Sollentuna)"]
[Site "?"]
[Date "2008.03.08"]
[Round "10"]
[White "Schneider, Stefan"]
[Black "Ernst, Thomas"]
[Result "1/2-1/2"]
[WhiteElo "2453"]
[BlackElo "2526"]
[PlyCount "68"]

1. d4 Nf6 2. Bg5 Ne4 3. Bf4 c5 4. f3 Qa5+ 5. c3 Nf6 6. Nd2 cxd4 7. Nb3 Qb6 8.
Qxd4 Nc6 9. Qxb6 axb6 10. Nd4 e5 11. Nxc6 exf4 12. Nd4 Bc5 13. Nh3 Nd5 14. e4
fxe3 15. Bc4 Bxd4 16. Bxd5 Bf6 17. Ke2 d6 18. Kxe3 Be6 19. Nf4 Bg5 20. Bxb7 Ra5
21. g3 Bxa2 22. b4 Re5+ 23. Kf2 Bc4 24. Ra8+ Bd8 25. Rd1 Kd7 26. Bd5 Bxd5 27.
Nxd5 Rhe8 28. Rd2 b5 29. Ra7+ Kc6 30. Ra6+ Kd7 31. Ra7+ Kc6 32. Ra6+ Kd7 33.
Nb6+ Kc7 34. Nd5+ Kd7 1/2-1/2

[Event "Elit(Limhamn-Sollentuna)"]
[Site "?"]
[Date "2008.03.08"]
[Round "10"]
[White "Cramling, Pia"]
[Black "Tadjerbashi, Amir"]
[Result "1-0"]
[WhiteElo "2610"]
[BlackElo "2259"]
[PlyCount "141"]

1. d4 d5 2. Nf3 Nf6 3. c4 c6 4. Qb3 dxc4 5. Qxc4 Bf5 6. g3 e6 7. Bg2 Nbd7 8.
O-O Be7 9. e3 O-O 10. Qe2 Bg4 11. Nbd2 e5 12. h3 Bxf3 13. Nxf3 Qc7 14. b3 Rfe8
15. Bb2 Bd6 16. Rac1 e4 17. Nd2 Nb6 18. g4 h6 19. f3 exf3 20. Qxf3 Bb4 21. Nc4
Nxc4 22. Rxc4 Bd2 23. d5 Rxe3 24. Qf2 Rd3 25. Kh1 Bg5 26. dxc6 bxc6 27. Rxc6
Qd8 28. Rc2 Rc8 29. Rxc8 Qxc8 30. Qxa7 Rd2 31. Be5 Rxg2 32. Kxg2 Qc2+ 33. Kg1
Qe2 34. Bd4 Qd3 35. Kg2 Bh4 36. Rf3 Qc2+ 37. Bf2 Bxf2 38. Qxf2 Qc6 39. Qd2 Ne4
40. Qd8+ Kh7 41. Qd3 Kg8 42. Qc4 Qb7 43. Rxf7 Qxf7 44. Qxe4 Qd7 45. Qc4+ Kh8
46. a4 Qd2+ 47. Kf3 Qe1 48. a5 Qh1+ 49. Kf4 Qh2+ 50. Kf5 Qf2+ 51. Ke6 Qe1+ 52.
Kd6 Qd2+ 53. Qd5 Qh2+ 54. Kc6 Qxh3 55. a6 Qc3+ 56. Kd7 Qe3 57. Qc4 Qa7+ 58. Kc6
Qb8 59. b4 Qc8+ 60. Kb5 Qd7+ 61. Kb6 Qd6+ 62. Kb7 Qe7+ 63. Kb8 Qd6+ 64. Kc8
Qf8+ 65. Kd7 Qf2 66. b5 Qd2+ 67. Kc8 Qe3 68. Kb7 Qe7+ 69. Qc7 Qe4+ 70. Kb8 Qa4
71. b6 1-0

[Event "Elit(Limhamn-Sollentuna)"]
[Site "?"]
[Date "2008.03.08"]
[Round "10"]
[White "Eriksson, Magnus"]
[Black "Lindberg, Bo"]
[Result "1-0"]
[WhiteElo "2427"]
[BlackElo "2478"]
[PlyCount "79"]

1. d4 Nf6 2. c4 e6 3. Nc3 Bb4 4. e3 Ne4 5. Qc2 f5 6. Bd3 O-O 7. Nge2 b6 8. O-O
Bxc3 9. Nxc3 Nxc3 10. Qxc3 Bb7 11. f3 d6 12. b3 Nd7 13. Bb2 Qg5 14. Rae1 Rf6
15. d5 Nc5 16. Bc2 Rg6 17. Qd2 a5 18. Rf2 Rh6 19. g3 Rf8 20. a3 Qh5 21. b4 axb4
22. axb4 Nd7 23. Ra1 Nf6 24. Ra7 Rb8 25. Qc3 e5 26. Qa3 Bc8 27. Rxc7 Bd7 28.
Qa7 Rd8 29. Qxb6 f4 30. exf4 exf4 31. g4 Qg5 32. Rb7 Re8 33. Rb8 Bc8 34. Bc3
Nd7 35. Qc6 Qd8 36. Ra8 Nb6 37. Ra7 Bd7 38. Qc7 Qxc7 39. Rxc7 Rb8 40. Re2 1-0

[Event "Elit(Limhamn-Sollentuna)"]
[Site "?"]
[Date "2008.03.08"]
[Round "10"]
[White "Dzevlan, Miralem"]
[Black "Penalver, Osmani"]
[Result "0-1"]
[WhiteElo "2454"]
[BlackElo "2280"]
[PlyCount "98"]

1. d4 Nf6 2. c4 e6 3. Nc3 Bb4 4. Qc2 O-O 5. a3 Bxc3+ 6. Qxc3 Ne4 7. Qc2 f5 8.
g3 b6 9. Bg2 Bb7 10. Nf3 Nf6 11. O-O Be4 12. Qc3 Qe8 13. Rd1 d6 14. Bf1 Bb7 15.
Bg2 Be4 16. Bf1 Bb7 17. Nh4 Qh5 18. f3 f4 19. Ng2 fxg3 20. hxg3 Qg6 21. g4 Nbd7
22. Qd3 Qf7 23. Bg5 e5 24. Bxf6 Qxf6 25. d5 Rae8 26. Qe4 Qh6 27. Qe3 Qxe3+ 28.
Nxe3 e4 29. Kf2 Ne5 30. Bg2 Bc8 31. g5 Bg4 32. Nxg4 Nxg4+ 33. Kg3 Ne3 34. Rg1
Nxg2 35. Rxg2 exf3 36. exf3 Re5 37. Kf2 Rf4 38. Rc1 Kf7 39. g6+ hxg6 40. Rc2
Kf6 41. b3 g5 42. Re2 g4 43. Rxg4 Rxe2+ 44. Kxe2 Rxg4 45. fxg4 Ke5 46. Ke3 a6
47. Kf3 b5 48. Ke3 bxc4 49. bxc4 a5 0-1

[Event "Elit(Limhamn-Sollentuna)"]
[Site "?"]
[Date "2008.03.08"]
[Round "10"]
[White "Eklund, Joel"]
[Black "Couso, Luis"]
[Result "1/2-1/2"]
[WhiteElo "2249"]
[BlackElo "2350"]
[PlyCount "81"]

1. d4 d5 2. Bg5 h6 3. Bh4 c6 4. Nf3 Qb6 5. b3 Bf5 6. e3 Nd7 7. Bd3 Bxd3 8. Qxd3
e6 9. O-O Be7 10. Bxe7 Nxe7 11. c4 O-O 12. Nc3 Qa6 13. Rfc1 c5 14. Qf1 dxc4 15.
bxc4 cxd4 16. exd4 Rac8 17. c5 Qxf1+ 18. Kxf1 b6 19. cxb6 axb6 20. Rab1 Rc4 21.
Ke2 Rfc8 22. Kd2 Nf6 23. Ne2 Ned5 24. Ne5 Ne4+ 25. Ke1 Rc2 26. Rxc2 Rxc2 27.
Rc1 Rxa2 28. Rc8+ Kh7 29. Nxf7 Nb4 30. Rh8+ Kg6 31. Ne5+ Kf6 32. Rf8+ Ke7 33.
Rc8 Nc2+ 34. Kd1 Nxf2+ 35. Kc1 Nb4 36. Nf4 g5 37. Rc7+ Ke8 38. Rc8+ Ke7 39.
Rc7+ Ke8 40. Rc8+ Ke7 41. Rc7+ 1/2-1/2

[Event "Elit(Solna-Kamraterna)"]
[Site "?"]
[Date "2008.03.08"]
[Round "10"]
[White "Aberg, Anton"]
[Black "Bergstrom, Christer"]
[Result "0-1"]
[WhiteElo "2393"]
[BlackElo "2333"]
[PlyCount "88"]

1. d4 Nf6 2. c4 e6 3. g3 d5 4. Nf3 Be7 5. Bg2 O-O 6. O-O dxc4 7. Qc2 a6 8. Qxc4
b5 9. Qc2 Bb7 10. Bd2 Be4 11. Qc1 Nbd7 12. Ba5 Rc8 13. Nc3 Bb7 14. b4 Nb6 15.
a4 bxa4 16. Nxa4 Nxa4 17. Rxa4 Qd7 18. Ra2 Qb5 19. Rc2 Be4 20. Rxc7 Rxc7 21.
Qxc7 Bxb4 22. Bxb4 Qxb4 23. e3 Nd5 24. Qc5 Qb7 25. Nh4 Rc8 26. Qa3 Bxg2 27.
Nxg2 Nc3 28. h4 h6 29. Kh2 Ne4 30. Qa2 Qb5 31. Qb1 Qxb1 32. Rxb1 Nxf2 33. h5 a5
34. Ra1 Ra8 35. Ra3 Kf8 36. Nf4 Ke7 37. Kg2 Ne4 38. Kf3 Nd6 39. e4 a4 40. Ne2
Nb5 41. Ra2 a3 42. e5 Ra4 43. Ke3 Rb4 44. Kd3 Kd7 0-1

[Event "Elit(Solna-Kamraterna)"]
[Site "?"]
[Date "2008.03.08"]
[Round "10"]
[White "Lindberg, Bengt"]
[Black "Svensson, Bengt"]
[Result "0-1"]
[WhiteElo "2458"]
[BlackElo "2515"]
[PlyCount "100"]

1. e4 c5 2. Nf3 d6 3. d4 cxd4 4. Nxd4 Nf6 5. Nc3 a6 6. Be2 e6 7. O-O Be7 8. f4
Qc7 9. a4 Nc6 10. Be3 O-O 11. Kh1 Re8 12. Bg1 Rb8 13. Bd3 e5 14. fxe5 dxe5 15.
Nf5 Bxf5 16. Rxf5 Nb4 17. Qf3 Bc5 18. Bxc5 Qxc5 19. Rxf6 gxf6 20. Nd5 Nxd5 21.
exd5 e4 22. Bxe4 Qb4 23. Qg3+ Kh8 24. Bd3 Rg8 25. Qc7 Rbe8 26. Qc3 Qd6 27. Qd4
Qe5 28. Qxe5 fxe5 29. Kg1 e4 30. Be2 f5 31. Rf1 Re5 32. c4 Kg7 33. g3 Kf6 34.
Kf2 e3+ 35. Kf3 Ke7 36. Rc1 Rc8 37. Rc3 Kd6 38. Rb3 Rc7 39. a5 Kc5 40. Rb6 Kd4
41. b4 f4 42. d6 Rf7 43. g4 h5 44. h3 hxg4+ 45. hxg4 Re8 46. d7 Rxd7 47. Rf6
Kc3 48. b5 Rh7 49. bxa6 bxa6 50. Rxf4 Rh2 0-1

[Event "Elit(Solna-Kamraterna)"]
[Site "?"]
[Date "2008.03.08"]
[Round "10"]
[White "Svenn, Gosta"]
[Black "Johansson, Gunnar"]
[Result "1-0"]
[WhiteElo "2358"]
[BlackElo "2296"]
[PlyCount "75"]

1. d4 d5 2. c4 c6 3. Nf3 Nf6 4. e3 Bf5 5. cxd5 cxd5 6. Ne5 e6 7. Nc3 Nfd7 8.
Qb3 Qc8 9. Bd2 Nxe5 10. dxe5 Nc6 11. Rc1 Be7 12. Nb5 O-O 13. Nd4 Nxd4 14. exd4
Qd8 15. Be2 Qd7 16. Qb5 Qxb5 17. Bxb5 Rfc8 18. Ke2 f6 19. Be3 Kf7 20. Bd7 Rxc1
21. Rxc1 Rb8 22. Bf4 g5 23. Bg3 Ra8 24. Rc7 Rb8 25. Bc8 Kg6 26. Bxb7 Bd8 27.
Rd7 Bb6 28. exf6 e5 29. Rg7+ Kh6 30. Bxe5 Re8 31. Kf3 Be4+ 32. Kg3 a5 33. f3
Bg6 34. Bxd5 Rd8 35. f7 Bxd4 36. Bxd4 Bxf7 37. Rxf7 Rxd5 38. Bc3 1-0

[Event "Elit(Solna-Kamraterna)"]
[Site "?"]
[Date "2008.03.08"]
[Round "10"]
[White "Steneskog, Per"]
[Black "Andreasson, Ingvar"]
[Result "0-1"]
[WhiteElo "2231"]
[BlackElo "2398"]
[PlyCount "90"]

1. d4 Nf6 2. c4 e6 3. Nc3 Bb4 4. Qc2 Nc6 5. e3 d5 6. Nf3 O-O 7. a3 Bxc3+ 8.
Qxc3 a5 9. b3 Bd7 10. Bb2 a4 11. b4 Na7 12. Ne5 Be8 13. Rc1 Ne4 14. Qc2 f6 15.
Nf3 Nd6 16. cxd5 exd5 17. Bd3 h6 18. O-O Bb5 19. Bh7+ Kh8 20. Rfd1 Bc4 21. Re1
Nab5 22. Bd3 Bxd3 23. Qxd3 Qd7 24. Nd2 Rfe8 25. e4 dxe4 26. Nxe4 Nxe4 27. Rxe4
Rxe4 28. Qxe4 c6 29. d5 cxd5 30. Qd3 Rd8 31. Bd4 Re8 32. h3 Nd6 33. Rd1 b5 34.
Bxf6 gxf6 35. Qxd5 Re6 36. Qh5 Kh7 37. Rd3 Qe7 38. Qg4 f5 39. Qf4 Qf6 40. g3
Kg6 41. Rd5 Qg5 42. Qd4 Qf6 43. Qf4 h5 44. h4 Ne4 45. Rxb5 Nc3 0-1

[Event "Elit(Solna-Kamraterna)"]
[Site "?"]
[Date "2008.03.08"]
[Round "10"]
[White "Svenn, Matti"]
[Black "Jonsson, Mikael"]
[Result "1-0"]
[WhiteElo "2246"]
[BlackElo "2324"]
[PlyCount "111"]

1. e4 e5 2. Nf3 Nc6 3. Bb5 a6 4. Ba4 Nf6 5. O-O Be7 6. Re1 b5 7. Bb3 O-O 8. c3
d5 9. exd5 Nxd5 10. Nxe5 Nxe5 11. Rxe5 c6 12. g3 Bd6 13. Re1 Re8 14. d4 Bg4 15.
Rxe8+ Qxe8 16. Qxg4 Qe1+ 17. Kg2 Qxc1 18. Qe2 Qg5 19. Bxd5 Qxd5+ 20. Qf3 Qxf3+
21. Kxf3 c5 22. dxc5 Bxc5 23. Nd2 Rd8 24. Nb3 Bf8 25. Re1 g6 26. Re2 Rd1 27.
Rd2 Rb1 28. Ke4 Bh6 29. f4 g5 30. Nd4 gxf4 31. Nf5 Bf8 32. Kxf4 Ra1 33. a3 Ra2
34. Ke3 h5 35. Kd3 Ra1 36. Nd4 Kg7 37. Ke4 Kg6 38. Kd5 Ra2 39. Re2 Bg7 40. Kc6
Bf8 41. Kb6 h4 42. Kxa6 hxg3 43. Nxb5 gxh2 44. Rxh2 f5 45. Kb6 f4 46. c4 Bg7
47. c5 Bxb2 48. Kb7 Rxa3 49. Rxb2 Rh3 50. c6 Kf5 51. c7 Rh7 52. Kb8 Rh8+ 53.
c8=Q+ Rxc8+ 54. Kxc8 Ke4 55. Nc3+ Kd3 56. Nd1 1-0

[Event "Elit(Solna-Kamraterna)"]
[Site "?"]
[Date "2008.03.08"]
[Round "10"]
[White "Landgren, Andreas"]
[Black "Hamark, Jesper"]
[Result "0-1"]
[WhiteElo "2198"]
[BlackElo "2380"]
[PlyCount "118"]

1. d4 e6 2. c4 b6 3. e4 Bb7 4. Nc3 Bb4 5. Qc2 Qh4 6. Bd3 Bxc3+ 7. bxc3 f5 8. g3
Qh5 9. f3 fxe4 10. Bxe4 Nc6 11. d5 Na5 12. dxe6 O-O-O 13. exd7+ Kb8 14. Ne2
Bxe4 15. fxe4 Nf6 16. O-O Rxd7 17. Rf5 Qe8 18. e5 Re7 19. Bf4 Nd7 20. Nd4 g6
21. Rg5 Nxe5 22. c5 h6 23. Bxe5 Rxe5 24. Rxe5 Qxe5 25. cxb6 axb6 26. Rf1 Qe3+
27. Kg2 g5 28. Rf3 Qe1 29. Qe2 Qb1 30. Nb5 Rd8 31. Nd4 g4 32. Rf1 Qg6 33. Rf4
h5 34. Re4 Qg8 35. Re7 Qd5+ 36. Qe4 Qxa2+ 37. Ne2 Qd5 38. Qxd5 Rxd5 39. Nd4 Kb7
40. Rf7 Rc5 41. Ne2 Nc4 42. Re7 b5 43. h3 Kb6 44. hxg4 hxg4 45. Kf2 Nd6 46. Re6
Rf5+ 47. Ke3 Rf3+ 48. Kd4 Kb7 49. Kc5 Rf5+ 50. Kb4 Rf3 51. Kc5 Rd3 52. Re7 Nf5
53. Re4 Nxg3 54. Nxg3 Rxc3+ 55. Kxb5 Rxg3 56. Kc5 Rg1 57. Kd4 g3 58. Rg4 g2 59.
Ke3 Re1+ 0-1

[Event "Elit(Solna-Kamraterna)"]
[Site "?"]
[Date "2008.03.08"]
[Round "10"]
[White "Haggstrom, Olle"]
[Black "Karlsson, Tomas"]
[Result "1/2-1/2"]
[WhiteElo "2239"]
[BlackElo "2293"]
[PlyCount "89"]

1. e4 e6 2. d4 d5 3. Nc3 Bb4 4. exd5 exd5 5. Qf3 Nc6 6. Bb5 Nf6 7. Nge2 Bg4 8.
Qe3+ Qe7 9. f3 Bf5 10. Ba4 O-O-O 11. Qxe7 Bxe7 12. Bf4 h6 13. O-O-O a6 14. Bxc6
bxc6 15. Na4 Nd7 16. Rhe1 Rhe8 17. Ng3 Be6 18. Nh5 Rg8 19. Be3 Bd6 20. Nf4 g5
21. Nxe6 fxe6 22. Bg1 e5 23. dxe5 Bxe5 24. Rd3 Rde8 25. Kd1 Bd6 26. Rde3 Rxe3
27. Rxe3 Nc5 28. Nxc5 Bxc5 29. Re1 Bxg1 30. Rxg1 Kd7 31. Re1 Kd6 32. Re3 c5 33.
Kd2 c4 34. Ra3 Ra8 35. Ra5 c6 36. b3 cxb3 37. axb3 Kc7 38. Ra4 Kb6 39. h4 Rf8
40. hxg5 hxg5 41. Rg4 Rf5 42. Ke3 Re5+ 43. Kd4 Rf5 44. Ke3 Re5+ 45. Kd4 1/2-1/2

[Event "Elit(Solna-Kamraterna)"]
[Site "?"]
[Date "2008.03.08"]
[Round "10"]
[White "Bergstrom, Magnus"]
[Black "Madebrink, Lars"]
[Result "0-1"]
[WhiteElo "2206"]
[BlackElo "2259"]
[PlyCount "120"]

1. c4 Nf6 2. Nc3 g6 3. d4 Bg7 4. e4 O-O 5. Be2 d6 6. Be3 Nbd7 7. g4 e5 8. g5
Ne8 9. d5 f6 10. gxf6 Nexf6 11. h4 Nc5 12. Bxc5 dxc5 13. h5 gxh5 14. Bxh5 a6
15. Qe2 Qe7 16. O-O-O Bd7 17. Kb1 Ne8 18. d6 cxd6 19. Nd5 Qd8 20. Bg4 Bxg4 21.
Qxg4 Nf6 22. Qh4 h6 23. Ne3 Nh7 24. Qg4 Rf4 25. Qe6+ Kh8 26. Nf5 Qf6 27. Qd5
Rxf2 28. Nh3 Rf3 29. Qxb7 Rd8 30. Rdg1 Bf8 31. Rh2 Rxf5 32. exf5 Qxf5+ 33. Ka1
Rd7 34. Qc8 Rf7 35. Qxf5 Rxf5 36. a3 e4 37. Rhg2 Nf6 38. Ka2 Kh7 39. b4 e3 40.
Rg3 cxb4 41. axb4 d5 42. Rxe3 dxc4 43. Rc3 Bxb4 44. Rxc4 Nd5 45. Rg3 a5 46. Kb3
Rf7 47. Rc6 Rg7 48. Rd3 Ne7 49. Ra6 Rg6 50. Ra8 Rf6 51. Kc4 Kg6 52. Ng1 Rf4+
53. Kb3 Nf5 54. Rh3 Nd4+ 55. Kc4 Ne6+ 56. Kd5 Nc7+ 57. Kc6 Nxa8 58. Rg3+ Kh7
59. Kb7 Rf7+ 60. Kxa8 Rg7 0-1

[Event "Elit(Astorp-Rockaden)"]
[Site "?"]
[Date "2008.03.08"]
[Round "10"]
[White "Karlsson, Lars"]
[Black "Tairi, Faruk"]
[Result "1-0"]
[WhiteElo "2538"]
[BlackElo "2461"]
[PlyCount "37"]

1. f4 e5 2. fxe5 Nc6 3. Nf3 g5 4. d4 g4 5. Ng5 d5 6. exd6 Bxd6 7. Nc3 Nxd4 8.
Qxd4 Bg3+ 9. hxg3 Qxd4 10. Bf4 Be6 11. Rd1 Qg7 12. Nb5 Rc8 13. e3 a6 14. Nd4
Ke7 15. Bc4 Rd8 16. Bxe6 fxe6 17. Ngxe6 Qg6 18. Nxd8 Kxd8 19. Nc6+ 1-0

[Event "Elit(Astorp-Rockaden)"]
[Site "?"]
[Date "2008.03.08"]
[Round "10"]
[White "Sjodahl, Pontus"]
[Black "Nielsen, Peter Heine"]
[Result "1/2-1/2"]
[WhiteElo "2487"]
[BlackElo "2675"]
[PlyCount "82"]

1. d4 d5 2. c4 e6 3. Nf3 Nf6 4. g3 dxc4 5. Qa4+ Nbd7 6. Bg2 a6 7. Qxc4 b5 8.
Qc6 Rb8 9. Bg5 Bb7 10. Bxf6 Bb4+ 11. Nbd2 Qxf6 12. Qxc7 Bxf3 13. Bxf3 Bxd2+ 14.
Kxd2 Qxd4+ 15. Ke1 O-O 16. Rd1 Qb4+ 17. Kf1 Nf6 18. Qe5 Rbc8 19. a3 Qb3 20. Rd3
Qa2 21. Kg2 Rc2 22. b4 Nd5 23. Rhd1 h6 24. Bxd5 exd5 25. Re3 Rd8 26. Rd4 Rc6
27. Qe7 Rcd6 28. Red3 Qc2 29. e4 Qc6 30. e5 R6d7 31. Qh4 Re8 32. Qh5 Qe6 33.
Qf3 Qxe5 34. Rxd5 Rxd5 35. Qxd5 Qxd5+ 36. Rxd5 Re6 37. Kf3 g6 38. a4 bxa4 39.
Ra5 Rc6 40. Rxa4 Rc4 41. Rxa6 Rxb4 1/2-1/2

[Event "Elit(Astorp-Rockaden)"]
[Site "?"]
[Date "2008.03.08"]
[Round "10"]
[White "Cmilyte, Viktorija"]
[Black "Jakobsen, Ole"]
[Result "0-1"]
[WhiteElo "2525"]
[BlackElo "2374"]
[PlyCount "78"]

1. d4 g6 2. c4 Bg7 3. Nf3 c5 4. d5 f5 5. g3 Nf6 6. Bg2 d6 7. O-O Na6 8. Nc3 O-O
9. e4 fxe4 10. Ng5 Nc7 11. Ncxe4 h6 12. Nxf6+ exf6 13. Ne6 Nxe6 14. dxe6 Bxe6
15. Bxb7 Rb8 16. Bd5 Qd7 17. Qg4 f5 18. Qxg6 Bxd5 19. cxd5 Rf6 20. Qh5 Qf7 21.
Qf3 Rg6 22. Rb1 Rb4 23. Rd1 Re4 24. Be3 h5 25. b3 h4 26. Rbc1 hxg3 27. fxg3
Rgg4 28. Kg2 Bd4 29. Bxd4 cxd4 30. Rf1 Qxd5 31. Kg1 Rg5 32. Rcd1 Qe5 33. Rd3
Kg7 34. Kg2 Kf7 35. Rf2 Re3 36. Qd1 Qe4+ 37. Rf3 Rg4 38. Kf2 d5 39. Rxd4 Rxf3+
0-1

[Event "Elit(Astorp-Rockaden)"]
[Site "?"]
[Date "2008.03.08"]
[Round "10"]
[White "Hoi, Carsten"]
[Black "Barkhagen, Jonas"]
[Result "1-0"]
[WhiteElo "2404"]
[BlackElo "2549"]
[PlyCount "55"]

1. d4 Nf6 2. c4 e6 3. Nc3 Bb4 4. e3 c5 5. Bd3 O-O 6. Nge2 d5 7. cxd5 cxd4 8.
exd4 Nxd5 9. O-O Nc6 10. Bc2 Bd6 11. Ne4 Be7 12. a3 Nf6 13. Qd3 g6 14. Bh6 Re8
15. Rad1 Nxe4 16. Qxe4 Bf6 17. Rfe1 Ne7 18. Qf3 Bg7 19. Bxg7 Kxg7 20. Nf4 Ng8
21. Qc3 Kf8 22. d5 exd5 23. Rxe8+ Qxe8 24. Nxd5 Qc6 25. Nc7 Qxc3 26. bxc3 Rb8
27. Rd8+ Kg7 28. Ne8+ 1-0